000 00290nam a2200109Ia 4500
008 171211s9999 xx 000 0 und d
245 _aDefensive Pistol Fundamentals
245 _cGrant Cunningham
260 _c2014
650 _xMilitary
856 _uhttp://down.ebook777.com/DefPisFun.pdf
999 _c348309
_d348309